106 nhà thông thái : Cuộc đời, số phận, học thuyết, tư tưởng
Sparad:
| Huvudupphovsman: | |
|---|---|
| Materialtyp: | Bok |
| Språk: | Undetermined |
| Publicerad: |
Hà Nội
Chính trị Quốc gia - Sự thật
2012
|
| Ämnen: | |
| Taggar: |
Lägg till en tagg
Inga taggar, Lägg till första taggen!
|
| Thư viện lưu trữ: | Trung tâm Học liệu Trường Đại học Cần Thơ |
|---|
| LEADER | 00691nam a2200205Ia 4500 | ||
|---|---|---|---|
| 001 | CTU_180934 | ||
| 008 | 210402s9999 xx 000 0 und d | ||
| 020 | |c 153000 | ||
| 082 | |a 920.02 | ||
| 082 | |b P223 | ||
| 100 | |a Paranov, P. S. | ||
| 245 | 0 | |a 106 nhà thông thái : | |
| 245 | 0 | |b Cuộc đời, số phận, học thuyết, tư tưởng | |
| 245 | 0 | |c P S Taranov; Dịch và hiệu đính Đỗ Minh Hợp | |
| 260 | |a Hà Nội | ||
| 260 | |b Chính trị Quốc gia - Sự thật | ||
| 260 | |c 2012 | ||
| 650 | |a Celebrities - biography,Chân dung khoa học | ||
| 910 | |a Nguyên | ||
| 980 | |a Trung tâm Học liệu Trường Đại học Cần Thơ | ||